Abogado del niño o tutor ad litem. El rol determinante de la autonomía progresiva / (Registro nro. 5766)
[ vista simple ]
| 000 -LEADER | |
|---|---|
| fixed length control field | 01103nab a22002417a 4500 |
| 003 - CONTROL NUMBER IDENTIFIER | |
| control field | OSt |
| 005 - DATE AND TIME OF LATEST TRANSACTION | |
| control field | 20260108235906.0 |
| 008 - FIXED-LENGTH DATA ELEMENTS--GENERAL INFORMATION | |
| fixed length control field | 190514b xxu||||| |||| 00| 0 spa d |
| 040 ## - CATALOGING SOURCE | |
| Transcribing agency | PJ |
| 100 ## - MAIN ENTRY--PERSONAL NAME | |
| 9 (RLIN) | 6680 |
| Personal name | Arias, Emmanuel Alexis |
| 245 10 - TITLE STATEMENT | |
| Title | Abogado del niño o tutor ad litem. El rol determinante de la autonomía progresiva / |
| Statement of responsibility, etc | Emmanuel Alexis Arias. |
| 300 ## - PHYSICAL DESCRIPTION | |
| Extent | p. 48-51 |
| 500 ## - GENERAL NOTE | |
| General note | Cita: TR LALEY AR/DOC/1587/2025. |
| 505 ## - FORMATTED CONTENTS NOTE | |
| Formatted contents note | Sumario: I. Breve reseña del caso.— II. Análisis del fallo. |
| 505 ## - FORMATTED CONTENTS NOTE | |
| Title | Fallo comentado: Juzg. Flia. La Plata, Nro. 2 ~ 11/03/2025 ~ R. E. S. c. G. Y. M. A. s/ protección contra la violencia familiar (ley 12.569) legajo de apelación 2. |
| 650 #0 - SUBJECT ADDED ENTRY--TOPICAL TERM | |
| 9 (RLIN) | 967 |
| Topical term or geographic name as entry element | DERECHO DE FAMILIA |
| 650 #0 - SUBJECT ADDED ENTRY--TOPICAL TERM | |
| 9 (RLIN) | 2741 |
| Topical term or geographic name as entry element | DERECHOS DE LAS NIÑAS, NIÑOS Y ADOLESCENTES |
| 650 #0 - SUBJECT ADDED ENTRY--TOPICAL TERM | |
| 9 (RLIN) | 4105 |
| Topical term or geographic name as entry element | ABOGADO DEL NIÑO |
| 650 #0 - SUBJECT ADDED ENTRY--TOPICAL TERM | |
| 9 (RLIN) | 180 |
| Topical term or geographic name as entry element | DEBIDO PROCESO |
| 650 #0 - SUBJECT ADDED ENTRY--TOPICAL TERM | |
| 9 (RLIN) | 1057 |
| Topical term or geographic name as entry element | JURISPRUDENCIA APLICABLE |
| 773 0# - HOST ITEM ENTRY | |
| Host Biblionumber | 2844 |
| Host Itemnumber | 3222 |
| Place, publisher, and date of publication | Buenos Aires : AbeledoPerrot, 1989- |
| Title | Derecho de familia. Revista Interdisciplinaria de doctrina y jurisprudencia. Agosto 2025-IV. |
| International Standard Book Number | 18511201 |
| 942 ## - ADDED ENTRY ELEMENTS (KOHA) | |
| Source of classification or shelving scheme | |
| Koha item type | Analítica Artículo de Revista |
No hay ítems disponibles.
